[Event "DEM U10w 2018"]
[Site "Willingen GER"]
[Date "2018.05.23"]
[Round "6"]
[White "Loos, Violeta"]
[Black "Bako, Evelin"]
[Result "1-0"]
[Termination "normal"]
[Board "9"]
[WhiteElo "1023"]
[BlackElo "971"]
[WhiteClock "01:01:07"]
[BlackClock "00:36:36"]
[PlyCount "81"]
[WhiteFideId "34605290"]
[BlackFideId "16271823"]
[EventCountry "GER"]
[EventRounds "11"]
[EventType "swiss"]
[EventDate "2018.05.19"]

1. e4 {[%clk 1:15:58]} 1... e5 {[%clk 1:15:52]} 2. Nf3 {[%clk 1:16:25]} 2...
Nf6 {[%clk 1:16:10]} 3. Nc3 {[%clk 1:16:47]} 3... Nc6 {[%clk 1:16:28]} 4. Bc4 {
[%clk 1:17:00]} 4... Bc5 {[%clk 1:16:39]} 5. d3 {[%clk 1:17:19]} 5... d6 {
[%clk 1:16:34]} 6. h3 {[%clk 1:17:43]} 6... O-O {[%clk 1:16:08]} 7. Bg5 { [%clk
1:18:06]} 7... Bb4 {[%clk 1:15:24]} 8. O-O {[%clk 1:18:05]} 8... Bxc3 { [%clk
1:15:02]} 9. bxc3 {[%clk 1:18:26]} 9... h6 {[%clk 1:13:13]} 10. Bh4 { [%clk
1:18:28]} 10... Bd7 {[%clk 1:11:56]} 11. Rb1 {[%clk 1:17:28]} 11... Rb8 { [%clk
1:11:31]} 12. Re1 {[%clk 1:16:39]} 12... a6 {[%clk 1:02:35]} 13. d4 { [%clk
1:16:49]} 13... exd4 {[%clk 1:02:54]} 14. cxd4 {[%clk 1:17:13]} 14... Ne7
{[%clk 0:57:03]} 15. Bxf6 {[%clk 1:15:38]} 15... gxf6 {[%clk 0:57:14]} 16. Nh4
{[%clk 1:15:45]} 16... b5 {[%clk 0:56:53]} 17. Bb3 {[%clk 1:15:58]} 17... a5 {
[%clk 0:57:00]} 18. a3 {[%clk 1:15:59]} 18... a4 {[%clk 0:57:05]} 19. Ba2 {
[%clk 1:16:04]} 19... c5 {[%clk 0:56:44]} 20. d5 {[%clk 1:15:30]} 20... Qc8 {
[%clk 0:52:35]} 21. Qf3 {[%clk 1:14:46]} 21... Ng6 {[%clk 0:51:17]} 22. Qg3 {
[%clk 1:13:30]} 22... Kh7 {[%clk 0:51:25]} 23. Re3 {[%clk 1:07:02]} 23... Nxh4
{[%clk 0:42:06]} 24. Qxh4 {[%clk 1:07:20]} 24... Rg8 {[%clk 0:39:35]} 25. Kf1 {
[%clk 1:06:42]} 25... Qa6 {[%clk 0:39:31]} 26. Qxf6 {[%clk 1:06:00]} 26... b4+
{[%clk 0:39:42]} 27. Re2 {[%clk 1:06:05]} 27... Rgf8 {[%clk 0:41:13]} 28. Ke1 {
[%clk 1:05:56]} 28... Qa5 {[%clk 0:40:59]} 29. Kf1 {[%clk 1:04:51]} 29... Bb5 {
[%clk 0:40:48]} 30. c4 {[%clk 1:03:18]} 30... b3 {[%clk 0:40:06]} 31. cxb5 {
[%clk 1:02:53]} 31... bxa2 {[%clk 0:40:22]} 32. Rxa2 {[%clk 1:03:02]} 32... c4
{[%clk 0:38:30]} 33. Rc2 {[%clk 1:02:53]} 33... Rxb5 {[%clk 0:38:07]} 34. Rxb5
{[%clk 1:02:31]} 34... Qxb5 {[%clk 0:38:23]} 35. Rc3 {[%clk 1:02:44]} 35...
Qb1+ {[%clk 0:38:31]} 36. Ke2 {[%clk 1:02:20]} 36... Qxe4+ {[%clk 0:37:39]} 37.
Re3 {[%clk 1:01:50]} 37... Qc2+ {[%clk 0:36:58]} 38. Kf3 {[%clk 1:01:49]} 38...
Rc8 {[%clk 0:36:20]} 39. Qxf7+ {[%clk 1:02:04]} 39... Kh8 {[%clk 0:36:28]} 40.
Re7 {[%clk 1:01:07]} 40... c3 {[%clk 0:36:36]} 41. Qg7# 1-0

[Event "DEM U10w 2018"]
[Site "Willingen GER"]
[Date "2018.05.23"]
[Round "6"]
[White "Petrosyan, Ani"]
[Black "Loos, Tilda"]
[Result "0-1"]
[Termination "normal"]
[Board "10"]
[WhiteElo "1331"]
[BlackElo "1091"]
[PlyCount "46"]
[WhiteFideId "16248015"]
[BlackFideId "34620559"]
[EventCountry "GER"]
[EventRounds "11"]
[EventType "swiss"]
[EventDate "2018.05.19"]

1. c3 c5 2. d4 cxd4 3. cxd4 d5 4. Bf4 Nc6 5. e3 Nf6 6. Nf3 g6 7. Be2 Bg7 8. O-O
O-O 9. Nc3 Bf5 10. Rc1 Rc8 11. Ne5 Nd7 12. Nxd7 Qxd7 13. Qb3 e6 14. Nb5 e5 15.
dxe5 Nxe5 16. Bxe5 Bxe5 17. Rfd1 Qe7 18. Rxc8 Rxc8 19. Rxd5 Be6 20. Rxe5 Bxb3
21. Rxe7 Rc1+ 22. Bf1 Bc4 23. Re8+ Kg7 0-1

[Event "DEM U10w 2018"]
[Site "Willingen GER"]
[Date "2018.05.23"]
[Round "6"]
[White "Bangiev, Katharina"]
[Black "Wilmink, Anna"]
[Result "0-1"]
[Termination "normal"]
[Board "11"]
[WhiteElo "1009"]
[BlackElo "1137"]
[PlyCount "62"]
[WhiteFideId "16267230"]
[BlackFideId "16273680"]
[EventCountry "GER"]
[EventRounds "11"]
[EventType "swiss"]
[EventDate "2018.05.19"]

1. e4 e6 2. d4 d5 3. Nc3 Bb4 4. Bd3 c5 5. exd5 cxd4 6. a3 Qa5 7. Bd2 Bxc3 8.
bxc3 dxc3 9. Be3 exd5 10. Nf3 Nf6 11. O-O O-O 12. Nd4 Bg4 13. Qe1 Qc7 14. Nb5
Qd7 15. Bd4 Re8 16. Qc1 Nc6 17. Bxc3 d4 18. Bb4 Nxb4 19. axb4 a6 20. Na3 b5 21.
h3 Bf5 22. Bxf5 Qxf5 23. Rd1 Ne4 24. f3 Nc3 25. Qb2 Qg5 26. Re1 Ne2+ 27. Kf1
Nf4 28. Rxe8+ Rxe8 29. g4 Qh4 30. Qxd4 Qxh3+ 31. Kf2 Qg2# 0-1

[Event "DEM U10w 2018"]
[Site "Willingen GER"]
[Date "2018.05.23"]
[Round "6"]
[White "Chassard, Cecilia"]
[Black "Englert, Lin"]
[Result "0-1"]
[Termination "normal"]
[Board "12"]
[WhiteElo "821"]
[BlackElo "1316"]
[PlyCount "86"]
[WhiteFideId "16271831"]
[BlackFideId "16226410"]
[EventCountry "GER"]
[EventRounds "11"]
[EventType "swiss"]
[EventDate "2018.05.19"]

1. e4 e5 2. Nf3 Nc6 3. Bc4 Bc5 4. Nc3 Nf6 5. d3 h6 6. a3 d6 7. Na4 Bb6 8. Nxb6
axb6 9. O-O O-O 10. Be3 Bg4 11. c3 Na5 12. Ba2 b5 13. b4 Nc6 14. Bb3 Ne7 15.
Qe2 c6 16. Rfc1 Ng6 17. g3 Nd7 18. Bd1 Qf6 19. Ra2 Qe6 20. Qf1 Bxf3 21. Bxf3
Qxa2 22. Ra1 Qe6 23. d4 Nf6 24. Qg2 Ra6 25. d5 Qd7 26. dxc6 bxc6 27. Ra2 Rfa8
28. Bc1 Qe6 29. Ra1 Qc4 30. h4 Qxc3 31. Rb1 Qc2 32. Ra1 Ne7 33. Be3 Rxa3 34.
Rc1 Ra1 35. Qf1 Rxc1 36. Bxc1 Nxe4 37. Qe1 Nf6 38. Be3 Ned5 39. Kg2 Nxe3+ 40.
Qxe3 Rb8 41. Qa7 Re8 42. Qc7 d5 43. Qb6 e4 0-1

[Event "DEM U10w 2018"]
[Site "Willingen GER"]
[Date "2018.05.23"]
[Round "6"]
[White "Hoffmann, Sophia"]
[Black "Schupfer, Victoria"]
[Result "1-0"]
[Termination "normal"]
[Board "13"]
[WhiteElo "1072"]
[BlackElo "958"]
[PlyCount "105"]
[WhiteFideId "16259130"]
[EventCountry "GER"]
[EventRounds "11"]
[EventType "swiss"]
[EventDate "2018.05.19"]

1. e4 e5 2. Nf3 Nc6 3. Bc4 Bc5 4. d3 Nf6 5. Nc3 d6 6. Be3 Bb6 7. h3 h6 8. O-O
Be6 9. Bb3 O-O 10. Nh2 Qd7 11. Qf3 Bd4 12. Qg3 Nh5 13. Qf3 Nf6 14. Nd5 Nh7 15.
c3 Bc5 16. d4 exd4 17. cxd4 Bxd4 18. Qg3 Be5 19. Qf3 Bxb2 20. Rab1 Be5 21. Ng4
f5 22. Nxe5 dxe5 23. exf5 Rxf5 24. Qxf5 Bxf5 25. Nb6+ Kh8 26. Nxd7 Bxd7 27. Bc2
b6 28. Be4 Rd8 29. Rfd1 Nf6 30. Bxc6 e4 31. g4 Kg8 32. g5 hxg5 33. Bxg5 Rf8 34.
Bxf6 Bxh3 35. Be5 Bf5 36. Kg2 a6 37. Rh1 a5 38. Bd5+ Rf7 39. Bxf7+ Kxf7 40.
Rhf1 c5 41. Rxb6 c4 42. f3 e3 43. Re1 Bd3 44. Rxe3 Bg6 45. Rb7+ Kg8 46. Rxg7+
Kf8 47. Rxg6 Kf7 48. Ra6 Ke7 49. Bc7+ Kd7 50. Bxa5 Kc8 51. Re7 Kb8 52. Rh6 Kc8
53. Rh8# 1-0

[Event "DEM U10w 2018"]
[Site "Willingen GER"]
[Date "2018.05.23"]
[Round "6"]
[White "Trunz, Tamila"]
[Black "Scheerer, Amelie"]
[Result "0-1"]
[Termination "normal"]
[Board "14"]
[WhiteElo "1046"]
[BlackElo "957"]
[PlyCount "52"]
[WhiteFideId "16267885"]
[BlackFideId "16275772"]
[EventCountry "GER"]
[EventRounds "11"]
[EventType "swiss"]
[EventDate "2018.05.19"]

1. e4 e5 2. Nf3 Nc6 3. Bc4 Bc5 4. d3 h6 5. c3 d6 6. O-O Bg4 7. Nbd2 Nf6 8. Re1
Qd7 9. b4 Bb6 10. a4 a6 11. Nb3 h5 12. h3 Bxh3 13. gxh3 Qxh3 14. b5 axb5 15.
axb5 Qg3+ 16. Kh1 Bxf2 17. Rxa8+ Kd7 18. bxc6+ bxc6 19. Rxh8 g6 20. Rf1 Ng4 21.
Nxe5+ Qxe5 22. Qxg4+ hxg4 23. Rh7 Qf6 24. Kh2 g3+ 25. Kh3 g2 26. Kh2 gxf1=N+
0-1

[Event "DEM U10w 2018"]
[Site "Willingen GER"]
[Date "2018.05.23"]
[Round "6"]
[White "Bone, Annalena"]
[Black "Scherer, Pia"]
[Result "1-0"]
[Termination "normal"]
[Board "15"]
[WhiteElo "990"]
[BlackElo "740"]
[PlyCount "29"]
[WhiteFideId "16284453"]
[EventCountry "GER"]
[EventRounds "11"]
[EventType "swiss"]
[EventDate "2018.05.19"]

1. e4 e5 2. Nf3 Nc6 3. Bc4 Bc5 4. d3 Nf6 5. Bg5 d6 6. h3 O-O 7. Nc3 b6 8. Nd5
Bb4+ 9. c3 Ba5 10. Bxf6 gxf6 11. O-O a6 12. Qc1 b5 13. Qh6 Bf5 14. exf5 Kh8 15.
Nxf6 1-0

[Event "DEM U10w 2018"]
[Site "Willingen GER"]
[Date "2018.05.23"]
[Round "6"]
[White "Fischer, Juliane"]
[Black "Heuberger, Sandra"]
[Result "1-0"]
[Termination "normal"]
[Board "16"]
[WhiteElo "929"]
[BlackElo "1132"]
[PlyCount "139"]
[WhiteFideId "16290135"]
[BlackFideId "16232151"]
[EventCountry "GER"]
[EventRounds "11"]
[EventType "swiss"]
[EventDate "2018.05.19"]

1. e4 e5 2. Nf3 Nc6 3. d4 exd4 4. Bc4 Bc5 5. O-O d6 6. Bf4 Bg4 7. Nbd2 Nf6 8.
Re1 O-O 9. c3 Re8 10. Qb3 Qd7 11. Qxb7 Rab8 12. Qa6 Rb6 13. Qa4 Reb8 14. b4
Bxb4 15. cxb4 Rxb4 16. Qc2 h6 17. Qd3 Be6 18. Bxe6 fxe6 19. e5 Nd5 20. Bg3 R4b5
21. Rab1 Ndb4 22. Qg6 Ne7 23. Qg4 Nd3 24. Rxb5 Rxb5 25. Re4 Rb4 26. Rxd4 Rxd4
27. Qxd4 Nc5 28. exd6 cxd6 29. Bxd6 Nb7 30. Bxe7 Qxe7 31. Qxa7 Kf8 32. Qa8+ Kf7
33. g3 Nc5 34. a4 Qf6 35. Qa7+ Qe7 36. Ne5+ Ke8 37. Qxe7+ Kxe7 38. Ndc4 Kd8 39.
a5 Kc7 40. Nb6 Kb7 41. Nbd7 Nxd7 42. Nxd7 Ka6 43. Nc5+ Kxa5 44. Nxe6 g6 45. f4
Kb5 46. Kf2 Kc6 47. h4 Kd6 48. Nd4 Ke7 49. f5 Kf6 50. g4 Kf7 51. Kf3 Kg7 52.
Ne6+ Kf7 53. Kf4 Kf6 54. g5+ hxg5+ 55. hxg5+ Kf7 56. Ke5 gxf5 57. Kxf5 Ke7 58.
g6 Kd6 59. g7 Kd5 60. g8=Q Kc4 61. Nd8+ Kd3 62. Qd5+ Ke3 63. Qe4+ Kd2 64. Qf3
Kc2 65. Ke4 Kd2 66. Qd3+ Ke1 67. Qc2 Kf1 68. Ke3 Kg1 69. Kf3 Kh1 70. Qg2# 1-0

[Event "DEM U10w 2018"]
[Site "Willingen GER"]
[Date "2018.05.23"]
[Round "7"]
[White "Khanbekyan, Nare"]
[Black "Stepanjan, Marianne"]
[Result "0-1"]
[Termination "normal"]
[Board "1"]
[WhiteElo "1123"]
[BlackElo "1246"]
[WhiteClock "00:08:47"]
[BlackClock "00:11:08"]
[PlyCount "82"]
[WhiteFideId "16270916"]
[BlackFideId "16246110"]
[EventCountry "GER"]
[EventRounds "11"]
[EventType "swiss"]
[EventDate "2018.05.19"]

1. e4 {[%clk 1:15:57]} 1... c5 {[%clk 1:15:56]} 2. Nf3 {[%clk 1:16:14]} 2... d6
{[%clk 1:16:20]} 3. d4 {[%clk 1:16:14]} 3... cxd4 {[%clk 1:16:35]} 4. Nxd4 {
[%clk 1:16:00]} 4... Nc6 {[%clk 1:16:47]} 5. Be3 {[%clk 1:12:51]} 5... Nf6 {
[%clk 1:16:01]} 6. Nc3 {[%clk 1:11:21]} 6... a6 {[%clk 1:15:20]} 7. f3 { [%clk
1:06:19]} 7... e6 {[%clk 1:14:00]} 8. g4 {[%clk 1:02:56]} 8... Be7 9. g5 {[%clk
1:00:00]} 9... Nd7 {[%clk 1:10:18]} 10. h4 {[%clk 0:57:20]} 10... h6 { [%clk
1:06:08]} 11. Rg1 {[%clk 0:50:00]} 11... hxg5 {[%clk 0:57:29]} 12. hxg5 { [%clk
0:44:00]} 12... Nde5 {[%clk 0:48:19]} 13. f4 {[%clk 0:39:34]} 13... Ng6 { [%clk
0:47:38]} 14. Qf3 {[%clk 0:37:38]} 14... Bd7 {[%clk 0:45:07]} 15. O-O-O { [%clk
0:35:20]} 15... Qc7 {[%clk 0:43:33]} 16. Bd3 {[%clk 0:32:07]} 16... O-O-O
{[%clk 0:43:02]} 17. Rh1 {[%clk 0:30:00]} 17... Kb8 {[%clk 0:27:59]} 18. Kb1 {
[%clk 0:28:04]} 18... Rdf8 {[%clk 0:23:55]} 19. f5 {[%clk 0:23:34]} 19... Nge5
{[%clk 0:21:42]} 20. Qe2 {[%clk 0:20:00]} 20... Nxd4 {[%clk 0:21:17]} 21. Bxd4
{[%clk 0:18:03]} 21... Bxg5 {[%clk 0:21:28]} 22. Rxh8 {[%clk 0:13:54]} 22...
Rxh8 {[%clk 0:21:22]} 23. Qf2 {[%clk 0:12:32]} 23... Nxd3 {[%clk 0:11:11]} 24.
cxd3 {[%clk 0:12:26]} 24... f6 {[%clk 0:10:33]} 25. Bb6 {[%clk 0:11:47]} 25...
Qc6 {[%clk 0:10:32]} 26. Ba7+ {[%clk 0:10:30]} 26... Ka8 {[%clk 0:10:13]} 27.
Be3 {[%clk 0:10:27]} 27... Bxe3 {[%clk 0:10:08]} 28. Qxe3 {[%clk 0:10:19]}
28... exf5 {[%clk 0:10:11]} 29. exf5 {[%clk 0:10:15]} 29... Bxf5 { [%clk
0:10:34]} 30. Qe7 {[%clk 0:10:17]} 30... Qd7 {[%clk 0:10:44]} 31. Qe3 { [%clk
0:10:04]} 31... Re8 {[%clk 0:09:52]} 32. Qg3 {[%clk 0:09:54]} 32... g6 { [%clk
0:10:02]} 33. Rf1 {[%clk 0:09:43]} 33... d5 {[%clk 0:09:31]} 34. Qf3 { [%clk
0:09:43]} 34... Re5 {[%clk 0:09:55]} 35. Rh1 {[%clk 0:09:42]} 35... d4 { [%clk
0:08:42]} 36. Ne2 {[%clk 0:09:24]} 36... Re3 {[%clk 0:08:51]} 37. Rh8+ { [%clk
0:09:08]} 37... Ka7 {[%clk 0:07:37]} 38. Qf1 {[%clk 0:08:35]} 38... Bxd3+
{[%clk 0:08:01]} 39. Kc1 {[%clk 0:08:54]} 39... Rxe2 {[%clk 0:10:44]} 40. Qxf6
{[%clk 0:08:41]} 40... Qc7+ {[%clk 0:11:08]} 41. Kd1 {[%clk 0:08:47]} 41...
Qc2# 0-1

[Event "DEM U10w 2018"]
[Site "Willingen GER"]
[Date "2018.05.23"]
[Round "7"]
[White "Trunz, Michelle"]
[Black "Peglau, Charis"]
[Result "1/2-1/2"]
[Termination "normal"]
[Board "2"]
[WhiteElo "1312"]
[BlackElo "1324"]
[WhiteClock "00:49:15"]
[BlackClock "00:13:58"]
[PlyCount "133"]
[WhiteFideId "16227980"]
[BlackFideId "16219996"]
[EventCountry "GER"]
[EventRounds "11"]
[EventType "swiss"]
[EventDate "2018.05.19"]

1. e4 {[%clk 1:15:59]} 1... e6 {[%clk 1:15:51]} 2. d4 {[%clk 1:16:17]} 2... d5
{[%clk 1:16:15]} 3. Nd2 {[%clk 1:16:37]} 3... dxe4 {[%clk 1:16:37]} 4. Nxe4 {
[%clk 1:16:54]} 4... Bd7 {[%clk 1:17:00]} 5. Bc4 {[%clk 1:16:24]} 5... Bc6 {
[%clk 1:17:08]} 6. f3 {[%clk 1:16:20]} 6... Nd7 {[%clk 1:16:56]} 7. Ne2 { [%clk
1:16:19]} 7... Ngf6 {[%clk 1:17:11]} 8. N2g3 {[%clk 1:15:33]} 8... Be7 { [%clk
1:16:35]} 9. O-O {[%clk 1:14:57]} 9... O-O {[%clk 1:16:43]} 10. Qd2 { [%clk
1:14:34]} 10... Re8 {[%clk 1:10:55]} 11. Rd1 {[%clk 1:13:17]} 11... a6 { [%clk
1:08:51]} 12. b4 {[%clk 1:13:12]} 12... b6 {[%clk 1:02:54]} 13. Bb2 { [%clk
1:13:15]} 13... Nd5 {[%clk 1:03:03]} 14. a3 {[%clk 1:13:01]} 14... a5 { [%clk
1:01:05]} 15. b5 {[%clk 1:12:47]} 15... Bb7 {[%clk 1:01:06]} 16. a4 { [%clk
1:12:41]} 16... N7f6 {[%clk 0:50:38]} 17. c3 {[%clk 1:08:30]} 17... Nxe4 {[%clk
0:48:21]} 18. fxe4 {[%clk 1:06:12]} 18... Nf6 {[%clk 0:48:34]} 19. e5 { [%clk
1:06:11]} 19... Nd5 {[%clk 0:46:50]} 20. Ne4 {[%clk 1:05:31]} 20... c6 { [%clk
0:38:08]} 21. Rf1 {[%clk 1:04:51]} 21... Nc7 {[%clk 0:34:08]} 22. Ng3 { [%clk
1:03:39]} 22... c5 {[%clk 0:31:05]} 23. Rad1 {[%clk 1:03:30]} 23... cxd4 {[%clk
0:30:01]} 24. cxd4 {[%clk 1:03:48]} 24... Rf8 {[%clk 0:28:51]} 25. Qe2 { [%clk
1:02:23]} 25... Bh4 {[%clk 0:27:19]} 26. Qf2 {[%clk 1:01:29]} 26... Qg5 { [%clk
0:27:08]} 27. Ba3 {[%clk 1:01:37]} 27... Bxg3 {[%clk 0:26:32]} 28. hxg3 { [%clk
1:01:56]} 28... Rfc8 {[%clk 0:18:47]} 29. Qxf7+ {[%clk 1:01:38]} 29... Kh8
{[%clk 0:19:11]} 30. Rd3 {[%clk 1:01:15]} 30... Be4 {[%clk 0:13:17]} 31. Rb3
{[%clk 1:00:31]} 31... Nd5 {[%clk 0:09:33]} 32. Bxd5 {[%clk 0:50:41]} 32...
Bxd5 {[%clk 0:09:22]} 33. Be7 {[%clk 0:49:16]} 33... Qg4 {[%clk 0:08:33]} 34.
Ra3 {[%clk 0:47:38]} 34... Qxd4+ {[%clk 0:08:38]} 35. Kh1 {[%clk 0:46:13]}
35... Qxe5 {[%clk 0:08:09]} 36. g4 {[%clk 0:42:05]} 36... Qb2 {[%clk 0:05:17]}
37. Rg3 {[%clk 0:41:58]} 37... Rc1 {[%clk 0:03:30]} 38. Kh2 {[%clk 0:37:59]}
38... Rxf1 {[%clk 0:03:39]} 39. Qxf1 {[%clk 0:38:21]} 39... Qd4 {[%clk 0:03:27]
} 40. g5 {[%clk 0:34:50]} 40... Be4 {[%clk 0:00:40]} 41. Qf4 {[%clk 0:34:03]}
41... Qd5 {[%clk 0:00:40]} 42. g6 {[%clk 0:34:13]} 42... Qh5+ {[%clk 0:15:29]}
43. Rh3 {[%clk 0:48:24]} 43... Qxg6 {[%clk 0:15:47]} 44. Rg3 {[%clk 0:47:48]}
44... Qf5 {[%clk 0:15:46]} 45. Qc7 {[%clk 0:47:37]} 45... Qh5+ {[%clk 0:15:44]}
46. Rh3 {[%clk 0:47:38]} 46... Qe8 {[%clk 0:15:57]} 47. Bd6 {[%clk 0:47:44]}
47... Qd8 {[%clk 0:15:58]} 48. Qxd8+ {[%clk 0:47:47]} 48... Rxd8 { [%clk
0:16:23]} 49. Bc7 {[%clk 0:47:57]} 49... Rd4 {[%clk 0:16:14]} 50. Bxb6 { [%clk
0:48:07]} 50... Rxa4 {[%clk 0:16:32]} 51. Bc7 {[%clk 0:48:01]} 51... Rb4 {[%clk
0:16:32]} 52. b6 {[%clk 0:47:45]} 52... Rb2 {[%clk 0:16:34]} 53. Rg3 { [%clk
0:47:49]} 53... Kg8 {[%clk 0:15:39]} 54. Rxg7+ {[%clk 0:47:50]} 54... Kxg7
{[%clk 0:15:56]} 55. Be5+ {[%clk 0:48:14]} 55... Kf7 {[%clk 0:15:39]} 56. Bxb2
{[%clk 0:48:38]} 56... Ke7 {[%clk 0:15:35]} 57. g4 {[%clk 0:47:56]} 57... Kd7
{[%clk 0:15:27]} 58. Kg3 {[%clk 0:48:08]} 58... Kc6 {[%clk 0:15:11]} 59. Bd4
{[%clk 0:48:27]} 59... a4 {[%clk 0:15:13]} 60. Kf4 {[%clk 0:48:34]} 60... Bd5
{[%clk 0:15:12]} 61. g5 {[%clk 0:48:48]} 61... a3 {[%clk 0:15:09]} 62. Ke5
{[%clk 0:49:08]} 62... a2 {[%clk 0:14:20]} 63. Kf6 {[%clk 0:49:19]} 63... Kd6 {
[%clk 0:13:05]} 64. Kg7 {[%clk 0:49:34]} 64... Be4 {[%clk 0:13:26]} 65. Kf6 {
[%clk 0:49:11]} 65... Bf5 {[%clk 0:13:43]} 66. Be5+ {[%clk 0:48:55]} 66... Kc6
{[%clk 0:13:58]} 67. Bd4 {[%clk 0:49:15]} 1/2-1/2

[Event "DEM U10w 2018"]
[Site "Willingen GER"]
[Date "2018.05.23"]
[Round "7"]
[White "Bräutigam, Katerina"]
[Black "Pröttel, Ela"]
[Result "1-0"]
[Termination "normal"]
[Board "3"]
[WhiteElo "1728"]
[BlackElo "1125"]
[WhiteClock "00:06:50"]
[BlackClock "00:00:36"]
[PlyCount "103"]
[WhiteFideId "16242980"]
[BlackFideId "44582749"]
[EventCountry "GER"]
[EventRounds "11"]
[EventType "swiss"]
[EventDate "2018.05.19"]

1. c4 {[%clk 1:16:00]} 1... e6 {[%clk 1:15:50]} 2. Nc3 {[%clk 1:16:14]} 2... d5
{[%clk 1:15:40]} 3. cxd5 {[%clk 1:16:05]} 3... exd5 {[%clk 1:15:54]} 4. d4 {
[%clk 1:15:14]} 4... Nf6 {[%clk 1:15:35]} 5. g3 {[%clk 1:15:14]} 5... c6 {
[%clk 1:15:14]} 6. Bg2 {[%clk 1:15:09]} 6... Bd6 {[%clk 1:13:28]} 7. e3 { [%clk
1:14:44]} 7... O-O {[%clk 1:13:00]} 8. Nge2 {[%clk 1:13:30]} 8... Bf5 { [%clk
1:12:56]} 9. O-O {[%clk 1:13:21]} 9... Re8 {[%clk 1:12:44]} 10. a3 { [%clk
1:12:52]} 10... Nbd7 {[%clk 1:12:05]} 11. b4 {[%clk 1:12:51]} 11... Rc8 { [%clk
1:10:48]} 12. Bb2 {[%clk 1:12:41]} 12... Nb6 {[%clk 1:07:17]} 13. Re1 { [%clk
1:05:45]} 13... Nc4 {[%clk 1:06:41]} 14. Bc1 {[%clk 1:05:39]} 14... Qd7 { [%clk
1:06:36]} 15. Nb1 {[%clk 1:04:26]} 15... Bxb1 16. Rxb1 {[%clk 1:04:32]} 16...
Qf5 {[%clk 1:03:10]} 17. Ra1 {[%clk 1:03:36]} 17... Ne4 {[%clk 1:00:27]} 18.
Rf1 {[%clk 0:56:31]} 18... Bb8 {[%clk 0:54:16]} 19. Ra2 {[%clk 0:53:55]} 19...
Re7 {[%clk 0:49:57]} 20. Qc2 {[%clk 0:52:58]} 20... Ned6 {[%clk 0:45:38]} 21.
Qxf5 {[%clk 0:49:25]} 21... Nxf5 {[%clk 0:45:39]} 22. Bh3 {[%clk 0:48:38]}
22... Ncd6 {[%clk 0:36:13]} 23. Rc2 {[%clk 0:47:15]} 23... Rce8 {[%clk 0:34:38]
} 24. a4 {[%clk 0:45:21]} 24... Rc7 {[%clk 0:31:33]} 25. Bb2 {[%clk 0:41:42]}
25... Ne7 {[%clk 0:29:50]} 26. Rfc1 {[%clk 0:41:22]} 26... Nc4 {[%clk 0:21:42]}
27. Ba1 {[%clk 0:37:55]} 27... Kf8 {[%clk 0:19:18]} 28. Nf4 {[%clk 0:32:00]}
28... Ng6 {[%clk 0:14:06]} 29. Nd3 {[%clk 0:30:28]} 29... Rce7 {[%clk 0:07:19]}
30. Nb2 {[%clk 0:27:45]} 30... Nd6 {[%clk 0:04:05]} 31. Nd3 {[%clk 0:24:38]}
31... Ne4 {[%clk 0:02:36]} 32. b5 {[%clk 0:22:15]} 32... Rc7 {[%clk 0:00:42]}
33. bxc6 {[%clk 0:22:07]} 33... bxc6 {[%clk 0:00:43]} 34. Rxc6 {[%clk 0:21:36]}
34... Rb7 35. Nc5 {[%clk 0:10:47]} 35... Nxc5 {[%clk 0:00:56]} 36. R6xc5 {
[%clk 0:10:43]} 36... Ke7 {[%clk 0:01:13]} 37. Rxd5 {[%clk 0:09:26]} 37... Kf8
{[%clk 0:01:10]} 38. Rdc5 {[%clk 0:08:51]} 38... Rd8 {[%clk 0:01:14]} 39. R5c2
{[%clk 0:06:35]} 39... h6 {[%clk 0:01:18]} 40. Rc8 {[%clk 0:04:48]} 40... Rxc8
{[%clk 0:01:28]} 41. Rxc8+ {[%clk 0:05:03]} 41... Ke7 {[%clk 0:01:34]} 42. Kg2
{[%clk 0:03:56]} 42... Bd6 {[%clk 0:10:15]} 43. Bc3 {[%clk 0:16:18]} 43... Rb3
{[%clk 0:09:14]} 44. d5 {[%clk 0:13:38]} 44... Ra3 {[%clk 0:03:42]} 45. a5 {
[%clk 0:10:25]} 45... Rb3 {[%clk 0:03:03]} 46. Bxg7 {[%clk 0:09:37]} 46... h5 {
[%clk 0:02:57]} 47. Bd4 {[%clk 0:07:15]} 47... Rb7 {[%clk 0:01:33]} 48. a6 {
[%clk 0:06:42]} 48... Rb5 {[%clk 0:01:10]} 49. Bxa7 {[%clk 0:06:24]} 49... Ra5
{[%clk 0:00:43]} 50. Bb6 {[%clk 0:06:21]} 50... Rxa6 {[%clk 0:00:39]} 51. Bd8+
{[%clk 0:06:38]} 51... Kf8 {[%clk 0:00:36]} 52. Bf6# {[%clk 0:06:50]} 1-0

[Event "DEM U10w 2018"]
[Site "Willingen GER"]
[Date "2018.05.23"]
[Round "7"]
[White "Oellrich, Emma"]
[Black "Ottlik, Marie"]
[Result "1-0"]
[Termination "normal"]
[Board "5"]
[WhiteElo "1162"]
[BlackElo "1190"]
[WhiteClock "01:02:31"]
[BlackClock "00:50:30"]
[PlyCount "43"]
[WhiteFideId "16268806"]
[BlackFideId "16281730"]
[EventCountry "GER"]
[EventRounds "11"]
[EventType "swiss"]
[EventDate "2018.05.19"]

1. e4 {[%clk 1:15:56]} 1... d5 {[%clk 1:15:51]} 2. exd5 {[%clk 1:16:10]} 2...
Nf6 {[%clk 1:16:08]} 3. d4 {[%clk 1:16:31]} 3... Nxd5 {[%clk 1:16:25]} 4. c4 {
[%clk 1:16:46]} 4... Nb6 {[%clk 1:16:40]} 5. Nf3 {[%clk 1:16:29]} 5... Bf5 {
[%clk 1:16:32]} 6. Nc3 {[%clk 1:16:37]} 6... e6 {[%clk 1:16:36]} 7. Bf4 { [%clk
1:15:08]} 7... Be7 {[%clk 1:16:39]} 8. Nb5 {[%clk 1:11:59]} 8... Bd6 { [%clk
1:15:11]} 9. Nxd6+ {[%clk 1:10:56]} 9... cxd6 {[%clk 1:15:22]} 10. c5 { [%clk
1:09:04]} 10... dxc5 {[%clk 1:13:18]} 11. dxc5 {[%clk 1:09:04]} 11... Qxd1+
{[%clk 1:12:37]} 12. Rxd1 {[%clk 1:09:15]} 12... Nd5 {[%clk 1:12:04]} 13. Bb5+
{[%clk 1:07:55]} 13... Nc6 {[%clk 1:10:43]} 14. Bd6 {[%clk 1:06:36]} 14... a6
{[%clk 1:08:04]} 15. Ba4 {[%clk 1:05:51]} 15... b5 {[%clk 1:07:24]} 16. cxb6
{[%clk 1:06:06]} 16... Kd8 {[%clk 0:57:42]} 17. Bxc6 {[%clk 1:05:16]} 17... Rc8
{[%clk 0:53:53]} 18. b7 {[%clk 1:04:02]} 18... Rxc6 {[%clk 0:53:14]} 19. b8=Q+
{[%clk 1:03:56]} 19... Rc8 {[%clk 0:52:45]} 20. Qb7 {[%clk 1:02:46]} 20... Bc2
{[%clk 0:50:53]} 21. Rxd5 {[%clk 1:02:31]} 21... exd5 {[%clk 0:50:30]} 22. Qe7#
1-0